000 00684nam a2200169 a 4500
001 000048997
005 20201002061556.0
008 190712s1999 dr r 000 0 spa d
040 _aDO-SdBNP
_bspa
_cBNPHU
082 _axxxx
_bR426l
110 2 _aRepública Dominicana
_9447
240 1 0 _aLeyes, etc.
245 1 0 _aLey No. 80-99 :
_bLey mediante el cual se dispone el incremento de los sueldos de los médicos, enfermeras, farmacéuticas y profesionales del laboratorio clínico que laboran tanto en la SESPAS como en el IDSS y procedimiento para la aplicación de la ley.
260 _aSanto Domingo :
_bDalis,
_c1999.
300 _a12 p ;
_c21 cm.
590 _aInventariado, 2019/BT
999 _c48485
_d48485